000 00293nam a22001337a 4500
008 181004b xxu||||| |||| 00| 0 eng d
020 _a9780521379489
041 _aeng
080 _a321
100 _a21
101 _aSHP
245 _aThe Radical Reformation
_cBaylor,M.G
942 _2udc
_cBK
999 _c48858
_d48858